Score 0/22 Timer 02:00
0 Plays Today
Movie Missing Word % Correct
The _____ LebowskiBig
91.6%
_____ KongKing
90.7%
Against All _____Odds
89.7%
Iron _____Man
86.3%
Surf's _____Up
85.9%
The Men Who Stare at _____Goats
79.5%
The Mirror Has _____ FacesTwo
76.5%
How to _____ Friends & Alienate PeopleLose
62.1%
Jagged _____Edge
60%
The Iceman _____Cometh
57.2%
True _____Grit
56.3%
Movie Missing Word % Correct
_____: LegacyTron
53.5%
The _____ Baker BoysFabulous
42.6%
The Last _____ ShowPicture
39.8%
_____ HeartCrazy
31.5%
Arlington _____Road
31.3%
The _____ KingFisher
21.8%
Thunderbolt and _____Lightfoot
16.4%
Tucker: The Man and His _____Dream
16.3%
_____ BillWild
14.9%
_____ AwayBlown
9.5%
Kiss Me _____Goodbye
3.4%

Today's Daily Dose

Remove Ads.
Support Sporcle.
Get the best of Sporcle when you Go Orange. This ad-free experience offers more features, more stats, and more fun while also helping to support Sporcle. Thank you for becoming a member.

You're not logged in!

Compare scores with friends on all Sporcle quizzes.
OR
Log In

Show Comments

Extras

Top Quizzes Today


Score Distribution

Your Account Isn't Verified!

In order to create a playlist on Sporcle, you need to verify the email address you used during registration. Go to your Sporcle Settings to finish the process.

Report this User

Report this user for behavior that violates our Community Guidelines.

Details: